Từ làng Sen đến Bến Nhà Rồng : Ký
Tập ký Từ làng Sen đến bến Nhà Rồng viết về tình cảm sâu sắc của Bác Hồ với miền Nam và miền Nam với Bác, đây là khúc ca da diết của nhân dân nửa nước - miền Nam yêu dấu đối với Người. Tác phẩm sau 8 lần xuất bản ở nhiều nhà x...
Сохранить в:
| Главный автор: | |
|---|---|
| Формат: | |
| Язык: | Undetermined |
| Опубликовано: |
Hà Nội
Giáo Dục
2015
|
| Метки: |
Добавить метку
Нет меток, Требуется 1-ая метка записи!
|
| Thư viện lưu trữ: | Trung tâm Học liệu Trường Đại học Cần Thơ |
|---|
| LEADER | 01014nam a2200205Ia 4500 | ||
|---|---|---|---|
| 001 | CTU_220950 | ||
| 008 | 210402s9999 xx 000 0 und d | ||
| 020 | |c 55000 | ||
| 082 | |a 324.2075092 | ||
| 082 | |b Tr312 | ||
| 100 | |a Trình, Quang Phú | ||
| 245 | 0 | |a Từ làng Sen đến Bến Nhà Rồng : | |
| 245 | 0 | |b Ký | |
| 245 | 0 | |c Trình Quang Phú | |
| 260 | |a Hà Nội | ||
| 260 | |b Giáo Dục | ||
| 260 | |c 2015 | ||
| 520 | |a Tập ký Từ làng Sen đến bến Nhà Rồng viết về tình cảm sâu sắc của Bác Hồ với miền Nam và miền Nam với Bác, đây là khúc ca da diết của nhân dân nửa nước - miền Nam yêu dấu đối với Người. Tác phẩm sau 8 lần xuất bản ở nhiều nhà xuất bản đã được bạn đọc và công luận hoan nghênh... | ||
| 904 | |i Hồng Trâm, Trúc | ||
| 980 | |a Trung tâm Học liệu Trường Đại học Cần Thơ | ||